00882nam a22002537a 450000500170000000800410001701000140005802000260007203500130009803700130011104000080012408200140013224500830014626000400022927000450026930000350031450000510034952000800040065000420048065000300052265000330055270000240058570000190060920100323151636.0100323t xxu||||| |||| 00| 0 eng d aENG-95926 a9788184840360c880.00 aEN-79459 bDBAD/PUB aDPL a338.10954 aAgriculture and rural economy/cedited by Rajan Kumar Sahoo and Gyanindra Dash aNew DelhibRegal Publicationsc2009 aF-159, Rajouri GardenbNew Delhie110027 axvi, 240p. :c24 cm. (Hb)bill aIncludes bibliographical references and index. aProceedings of a national seminar held at Kendrapara on 17th February 2008. aAgriculturexEconomic aspects zIndia aRural development zIndia aAgriculture and statezIndia aSahoo, Rajan Kumar  aDash Gyanindra